000
00288nam a22001337a 4500
008
180904b xxu||||| |||| 00| 0 eng d
020
_a
9780023619120
041
_a
eng
080
_a
941
100
_a
17
101
_a
HIS
245
_a
The Western Heritage
_c
Kagan, D
942
_2
udc
_c
BK
999
_c
47507
_d
47507